Library Banner

The great game in Afghanistan : (Record no. 107106)

MARC details
000 -LEADER
fixed length control field 00565cam a22001815i 4500
001 - CONTROL NUMBER
control field 20111672
005 - DATE AND TIME OF LATEST TRANSACTION
control field 20180828102400.0
008 - FIXED-LENGTH DATA ELEMENTS--GENERAL INFORMATION
fixed length control field 170626s2017 ii 000 0 eng d
020 ## - INTERNATIONAL STANDARD BOOK NUMBER
International Standard Book Number 9789352644391
020 ## - INTERNATIONAL STANDARD BOOK NUMBER
International Standard Book Number 9352644395
040 ## - CATALOGING SOURCE
Transcribing agency PK-LaUMT
082 04 - DEWEY DECIMAL CLASSIFICATION NUMBER
Classification number 320.9581
Edition number 23
Item number BHA-G
100 1# - MAIN ENTRY--PERSONAL NAME
Personal name Bhattacherjee, Kallol
245 14 - TITLE STATEMENT
Title The great game in Afghanistan :
Remainder of title Rajiv Gandhi, General Zia and the unending war /
Statement of responsibility, etc Kallol Bhattacherjee
260 ## - PUBLICATION, DISTRIBUTION, ETC. (IMPRINT)
Place of publication, distribution, etc Uttar Pradesh :
Name of publisher, distributor, etc HarperCollins Publishers India,
Date of publication, distribution, etc 2017
300 ## - PHYSICAL DESCRIPTION
Extent xxvii, 300 p. ;
Dimensions 22 cm
942 ## - ADDED ENTRY ELEMENTS (KOHA)
Koha item type Books
Holdings
Withdrawn status Lost status Damaged status Home library Current library Date acquired Full call number Barcode Date last seen Price effective from Koha item type
      UMT Main Campus UMT Main Campus 2018-08-28 320.9581 BHA-G 122568 2023-12-11 2018-08-28 Books